000 00536cam a2200205ua 4500
020 _c1.75
041 _aeng
_h
082 _a823.308
_bSPE/WO
100 _aSpencer, John .
245 _aWorkers of humanity /
_cJohn Spencer.
_hTextual Documents
250 _a1 /
_b.
260 _aLondon :
_bGeorge G Harrap & Co Ltd ,
_c1964.
300 _a128 ; .
365 _a1.75
440 0 _aHarrap`s World Ahead Series,
_v
_x;
490 0 _aHarrap`s World Ahead Series,
_v
_x;
504 _a
942 _cBK
999 _c7625
_d7625